Регионална библиотека "Любен Каравелов" - Русе

Спящият град (Запис номер 381341)

MARC детайли
000 -Лидер
Контролно поле с фиксирана дължина nam a22 7a 4500
003 - Код на организацията, давaща контролен номер
Контролно поле BLK
005 - Дата и час на последна редакция
Контролно поле 20220826104618.0
008 - Елементи от данни с фиксирана дължина
fixed length control field 200811b bu ||||| |||| 00| 0 bu d
020 ## - Международен стандартен номер на книга ISBN
Международен стандартен номер на книга ISBN 9789543574124
040 ## - Източник на каталожния запис
Идентификатор на билиотеката - собственик на записа BLK
041 ## - Код за език
Код за езика на текст/звукозапис или на отделно заглавие Български
Код за езика КДБФ Български
080 ## - УДК
Текстов определител УДК Чешка литература
УДК код - определител по УДК 821.162.3
УДК - код + определител 821.162.3-31
УДК определител -31
100 ## - Редна дума - Автор
Автор Вопенка, Мартин
Авторска отговорност първи автор
R(LIN) 1299
139 ## - Редно поле
Редна дума Вопенка, Мартин
Авторски знак Волт - В 83
245 ## - Сведения за заглавието
Заглавие Спящият град
Редно поле (дума) Мартин Вопенка ; прев. от чеш. Анжелина Христова Пенчева ; ил. Даниела Оленикова.
260 ## - Област на издателските данни
9 (RLIN) 210050
Място на издаване, разпространение и проч. София
Име на издателя, разпространителя и проч. ЕМАС
Година на издаване 2019
300 ## - Физическа характеристика
Страници 384 с.
Размери/Мащаб 20 см
380 ## - Жанр
Жанр Худож. лит.
700 ## - Други автори (авторска отговорност)
9 (RLIN) 292626
Лично име Пенчева, Анжелина Христова
Автороска отговорност (Описва отношението между автора и произведението) прев. от чеш.
700 ## - Други автори (авторска отговорност)
9 (RLIN) 433970
Лично име Оленикова, Даниела
Автороска отговорност (Описва отношението между автора и произведението) ил.
852 ## - Местоположение
Форматна сигнатура Цб 311426
Фондова буква Хранилище
999 ## - СИСТЕМНИ КОНТРОЛНИ НОМЕРА
Koha biblionumber 381341
Koha biblioitemnumber 381341
942 ## - АРТИКУЛИ
Вид на библиотечния материал Книги
Скрит в OPAC Не
Периодичен библиозапис Да
Koha issues (borrowed), all copies 9
944 ## - СЪЗДАВАНЕ И РЕДАКЦИЯ на ЗАПИСА
Създаване/Редакция Създаване
Дата на регистрацията/редакция 2020-08-11
Служител, извършил регистрацията/редакцията ВТ
999 ## - СИСТЕМНИ КОНТРОЛНИ НОМЕРА
Koha biblioitemnumber 381341
999 ## - СИСТЕМНИ КОНТРОЛНИ НОМЕРА
Koha biblioitemnumber 381341
999 ## - СИСТЕМНИ КОНТРОЛНИ НОМЕРА
Koha biblioitemnumber 381341
Наличности
Код за отписване Код за изгубен артикул Източник на класификационната схема Код за повреда Коз за рестрикции Код за отдаване Артикулен № Име на библиотеката - собственик Име на библиотеката, в която се намира в момента Статус (Текущо местоположение) Дата на вписване в системата Местоположение - отдел Цена в лева Систематично азбучна сигнатура Баркод Цена в евро Служебен тип на артикула
  Не е изгубен Universal Decimal Classification Не е повреден без рестрикции заемане за дома 800895 Регионална библиотека "Любен Каравелов" Русе Регионална библиотека "Любен Каравелов" Русе Заемна - подръчен фонд 2020-09-26 Заемна - подръчен фонд 9.10 821-31/В 83 М 120000848010 4.65 Книги
  Не е изгубен Universal Decimal Classification Не е повреден   заемане за дома 803315 Регионална библиотека "Любен Каравелов" Русе Регионална библиотека "Любен Каравелов" Русе Заемна - подръчен фонд 2020-10-08 Заемна - подръчен фонд 13.00 821-31/В 83 М 120000849169 6.65 Книги
  Не е изгубен Universal Decimal Classification Не е повреден само за читалня ползва се в читалня 876813 Регионална библиотека "Любен Каравелов" Русе Регионална библиотека "Любен Каравелов" Русе Хранилище 2022-03-18 Хранилище 12.00 Цб 311426 120000869227 6.14 Книги
Vip Innovations Ltd, Rousse, Bulgaria 2025